Theory of translation and translation criticism of an article regarding affairs of international politics between USA and Russia bakalárska práca

Guardado en:
Detalles Bibliográficos
Autor principal: Lukáč, Marek
Autor Corporativo: Fakulta aplikovaných jazykov EU v Bratislave. Katedra jazykovedy a translatológie
Otros Autores: Štefčík, Jozef, 1976-
Formato: Libro
Lenguaje:inglés
Publicado: Bratislava 2018
Etiquetas: Agregar Etiqueta
Sin Etiquetas, Sea el primero en etiquetar este registro!

MARC

LEADER 00000nbm a2200000 4500
001 0244064
005 20181011092717.2
041 0 |a eng 
044 |a SK 
245 1 0 |a Theory of translation and translation criticism of an article regarding affairs of international politics between USA and Russia  |b bakalárska práca  |c Marek Lukáč ; školiteľ: Jozef Štefčík 
264 1 |a Bratislava  |c 2018 
300 |a 34 s. 
100 1 |a Lukáč, Marek 
700 1 |a Štefčík, Jozef, 1976- 
710 2 |a Fakulta aplikovaných jazykov EU v Bratislave. Katedra jazykovedy a translatológie